Разработка и исследование методов и схем контроля твердости ферромагнитных изделий проходными датчиками с короткими катушками: Диссертация на соискание ученой степени кандидата технических наук

Manylion Llyfryddiaeth
Prif Awdur: Сартаков В. Д.
Awdur Corfforaethol: Томский политехнический институт (ТПИ)
Awduron Eraill: Лещенко И. Г. Иван Гаврилович (научный руководитель)
Iaith:Rwseg
Cyhoeddwyd: Томск, 1969
Pynciau:
Fformat: Llyfr
KOHA link:https://koha.lib.tpu.ru/cgi-bin/koha/opac-detail.pl?biblionumber=137063

MARC

LEADER 00000nbm0a2200000 4500
001 137063
005 20231031140858.0
035 |a (RuTPU)RU\TPU\book\148549 
090 |a 137063 
100 |a 20080504d1969 k y0rusy50 ca 
101 0 |a rus 
102 |a RU 
105 |a a m 001zy 
200 1 |a Разработка и исследование методов и схем контроля твердости ферромагнитных изделий проходными датчиками с короткими катушками  |e Диссертация на соискание ученой степени кандидата технических наук  |f В. Д. Сартаков  |g Томский политехнический институт (ТПИ) ; науч. рук. И. Г. Лещенко 
210 |a Томск  |d 1969 
215 |a 260 л.  |c ил. 
320 |a Библиогр.: с. 247 - 256 ( 118 назв.) 
610 1 |a ферромагнитные изделия 
610 1 |a твердость 
610 1 |a методы контроля 
610 1 |a схемы контроля 
610 1 |a датчики 
610 1 |a катушки 
610 1 |a намагничивание 
610 1 |a высшие гармоники 
610 1 |a стержни 
610 1 |a трубы 
610 1 |a манометрические пружины 
610 1 |a разработка 
610 1 |a испытания 
610 1 |a экспериментальное исследование 
610 1 |a диссертации 
675 |a 621.318(04)  |v 3 
700 1 |a Сартаков  |b В. Д. 
702 1 |a Лещенко  |b И. Г.  |g Иван Гаврилович  |4 727 
712 0 2 |a Томский политехнический институт (ТПИ)  |c (1944-1991)  |2 stltpush  |3 (RuTPU)RU\TPU\col\1123 
801 1 |a RU  |b 63413507  |c 20080504  |g PSBO 
942 |c BK